Rejestracje na Białorusi - Statystyki

Ogólne statystyki
  • Ten quiz został rozwiązany 9 razy
  • Średni wynik to 5 z 7
Statystyki odpowiedzi
Hint Odpowiedź % Poprawnych
1 Brześć
100%
4 Grodno
88%
3 Homel
88%
5 Mińsk
75%
2 Witebsk
75%
7 Mińsk
63%
6 Mohylew
50%
Nie znaleziono quizów pasujących do podanych kryteriów
Rozkład punktacji
Procent ludzi z każdym wynikiem
Percentyl według liczby udzielonych odpowiedzi
Twoja historia wyników
Nie rozwiązałeś tego quizu